000 00846nam a2200277 a 4500
001 22569
003 SK-KTurca
005 20260401134114.0
008 020923s2002 xo 000 1 slo c
020 _a8055103232 (viaz.)
035 _aUKB000314737
040 _aBAA001
_bslo
_cBAA001
_eAACR2
041 1 _aslo
_heng
044 _axo
_cSK
080 _a820(73)-93-31
100 1 _aSachar, Louis
245 0 0 _aJamy, alebo ... Tajomstvo zeleného jazera
_cLouis Sachar ; [z anglického originálu preložila Mária Orlíková]
260 _aBratislava
_bIkar
_c2002
300 _a213, [1] s
650 0 7 _aliteratúra americká
_xromány pre deti a mládež
650 0 7 _aromány pre deti a mládež americké
653 _a820(73)-93-31
700 1 _aOrlíková, Mária
_4trl
765 0 _tHoles
_aSachar, Louis
942 _2ddc
_cKLDE
_n0
999 _c22569
_d22569